000 nam a22 c 4500
999 _c384693
_d384693
003 BLK
005 20201007040938.0
008 200311b bul|||||r ||||||| ||bul||
040 _aBLK
041 _aBUL
_cBUL
080 _aКомунистически партии. Вж и 327.323
_b329.15
_z329.15(47+57)
080 _aТрудови отношения (общи въпроси). Вкл. Отношения между участниците в производството. Производствен климат
_b331.104
_z331.104(47+57)
100 _aШепел, Виктор Максимович
_eпърви автор
_91299
139 _aШепел, Виктор Максимович
245 1 0 _aПартийната организация и социалната активност на трудещите се [в СССР]
_b[Очерк]
_cВиктор М. Шепел; Прев. от рус. Здравка Николова.
257 _aSUN
260 _aСофия
_bПартиздат
_c1982
300 _a159 с.
_c17 см
380 _a3
490 _aБиблиотечка на партийния секретар
_9429825
500 _aОриг. загл. Партийная организация и социальная активность трудящихся. - 17 577 тир. - 0,39 лв.
650 0 _9321256
_aКомунистически партии - СССР
650 0 _9319691
_aКомунистически партии - масово-политическа работа
650 0 _9279222
_aСоциална работа
653 7 _aКПСС
_9189302
653 7 _aпартийни организации
_9193396
700 _aНиколова, Здравка
_eпрев. от рус.
_91121
852 _aЦб І 19566
_bЦб
942 _cKNG
_n0
_s1
944 _aCR
_c2020-08-24
_kКети